|
|
|
|
| LEADER |
00000nab#a22000007a#4500 |
| 001 |
arbauad035730 |
| 003 |
AR-BaUAD |
| 005 |
20250711112829.0 |
| 008 |
990310|||||||||###||||||b###|0###a|spa|| |
| 040 |
|
|
|a AR-BaUAD
|c AR-BaUAD
|b spa
|
| 100 |
|
|
|a Sommese, Lanny
|
| 245 |
|
|
|a Fich /
|c Lanny Sommese;
|
| 300 |
0 |
|
|b fot.
|
| 653 |
|
|
|a DISEÑO GRAFICO
|
| 653 |
|
|
|a ESTADOS UNIDOS
|
| 653 |
|
|
|a AGENCIAS
|
| 653 |
|
|
|a CONSULTORIA
|
| 653 |
|
|
|a FITCH
|
| 653 |
|
|
|a PACKAGING
|
| 653 |
|
|
|a BOTELLAS
|
| 653 |
|
|
|a LATAS
|
| 653 |
|
|
|a CAJAS
|
| 773 |
0 |
|
|t NOVUM
|g [dic. 1998], p. 52-59
|
| 942 |
|
|
|c ARTI
|
| 952 |
|
|
|0 0
|1 0
|4 0
|7 0
|9 80649
|a AR-BAuAD
|b AR-BAuAD
|d 2025-07-11
|l 0
|p AAQA035730
|r 2025-07-11 11:28:29
|w 2025-07-11
|y ARTI
|
| 990 |
|
|
|a DG199
|b TD
|
| 998 |
|
|
|a AAQ
|b BIBUN76
|
| 999 |
|
|
|c 60322
|d 60322
|